Catálogo - Centro de Recursos para el Aprendizaje y la Investigación
Volver al Sitio - CRAI Biblioteca| 000 -CABECERA | |
|---|---|
| campo de control de longitud fija | 03992nam a22004577a 4500 |
| 001 - NÚMERO DE CONTROL | |
| campo de control | 113646 |
| 003 - IDENTIFICADOR DEL NÚMERO DE CONTROL | |
| campo de control | DR-UNIBE |
| 005 - FECHA Y HORA DE LA ÚLTIMA TRANSACCIÓN | |
| campo de control | 20260331160640.0 |
| 008 - DATOS DE LONGITUD FIJA--INFORMACIÓN GENERAL | |
| campo de control de longitud fija | 250516b2024 sp ||||| |||| 00| 0 spa d |
| 020 ## - NÚMERO INTERNACIONAL ESTÁNDAR DEL LIBRO | |
| Número Internacional Estándar del Libro | 9788427732056 |
| 040 ## - FUENTE DE LA CATALOGACIÓN | |
| Centro catalogador/agencia de origen | BIBLIOTECA UNIBE |
| Centro/agencia transcriptor | BIBLIOTECA UNIBE |
| Normas de descripción | rda |
| 041 ## - CÓDIGO DE LENGUA | |
| Código de lengua del texto/banda sonora o título independiente | spa |
| 082 ## - NÚMERO DE LA CLASIFICACIÓN DECIMAL DEWEY | |
| Número de clasificación | 370 P895p |
| 245 13 - MENCIÓN DE TÍTULO | |
| Título | Prácticum y prácticas externas al encuentro de los Objetivos de Desarrollo Sostenible |
| Mención de responsabilidad, etc. | María José Cano-Iglesias [y otros quince] |
| 260 ## - PUBLICACIÓN, DISTRIBUCIÓN, ETC. | |
| Lugar de publicación, distribución, etc. | Madrid : |
| Nombre del editor, distribuidor, etc. | Narcea , |
| Fecha de publicación, distribución, etc. | 2024 |
| 300 ## - DESCRIPCIÓN FÍSICA | |
| Extensión | 151 páginas : |
| Otras características físicas | ilustraciones |
| 490 ## - MENCIÓN DE SERIE | |
| Mención de serie | Universitaria. Serie Prácticum |
| 505 ## - NOTA DE CONTENIDO CON FORMATO | |
| Nota de contenido con formato | 1. El Prácticum y las prácticas en una Universidad que se compromete con la Agenda 2030 |<br/>2. ODS en el Prácticum. Producción científica vinculada a la educación inclusiva (1987-2023) |<br/>3. Sostenibilidad y Aprendizaje-Servicio. Producción científica en los Simposios Internacionales sobre Prácticum y prácticas externas |<br/>4. Las prácticas curriculares escenario para la adquisición de competencias en línea con los ODS |<br/>5. Cómo trabajar los ODS en el Prácticum del Grado en Educación Primaria |<br/>6. Pensamiento crítico y ODS en las prácticas externas en Educación Infantil |<br/>7. Las prácticas curriculares y adquisición de competencias relacionadas con la diversidad sexo-genérica |<br/> |
| 520 3# - SUMARIO, ETC. | |
| Sumario, etc. | Este libro ofrece una perspectiva innovadora sobre la integración de la Agenda 2030 en la educación superior. Explora la conexión entre el Prácticum universitario y los Objetivos de Desarrollo Sostenible (ODS), analizando cómo las instituciones educativas pueden asumir un papel proactivo en su consecución. <br/><br/>Aborda la transformación necesaria en las universidades para adoptar una visión global y sostenible. Los autores, expertos en pedagogía universitaria, revisan el impacto de los ODS en la formación, investigación, gobernanza y liderazgo social de las universidades; centrándose especialmente en cómo el Prácticum puede alinearse con los ODS, proponiendo estrategias concretas para “ODSear” las prácticas externas y vincularlas con los desafíos planetarios, fomentando en los estudiantes una conciencia crítica y un compromiso ético con la sociedad.<br/><br/>Los capítulos ofrecen una combinación de fundamentos teóricos, casos prácticos y reflexiones; se analizan las barreras existentes y se proponen soluciones creativas para superarlas, subrayando la importancia de la colaboración entre instituciones. <br/><br/>Una lectura imprescindible para quienes buscan reimaginar la educación superior como un motor de cambio social. Proporciona herramientas valiosas para educadores, gestores y estudiantes comprometidos con la formación de profesionales capaces de enfrentar los retos globales del siglo XXI desde una perspectiva ética y sostenible.<br/> |
| 650 #7 - PUNTO DE ACCESO ADICIONAL DE MATERIA--TÉRMINO DE MATERIA | |
| Fuente del encabezamiento o término | lemb |
| Término de materia o nombre geográfico como elemento de entrada | Educación superior |
| 653 ## - TÉRMINO DE INDIZACIÓN--NO CONTROLADO | |
| Término no controlado | Desarrollo sostenible |
| 700 1# - PUNTO DE ACCESO ADICIONAL--NOMBRE DE PERSONA | |
| Nombre de persona | Raposo-Rivas, Manuela |
| Término indicativo de función/relación | coodinador |
| 9 (RLIN) | 195567 |
| 700 1# - PUNTO DE ACCESO ADICIONAL--NOMBRE DE PERSONA | |
| Nombre de persona | Zabalza-Cerdeiriña, María-Ainoa |
| Término indicativo de función/relación | coodinador |
| 9 (RLIN) | 151713 |
| 700 1# - PUNTO DE ACCESO ADICIONAL--NOMBRE DE PERSONA | |
| Nombre de persona | Cano-Iglesias, María José |
| Término indicativo de función/relación | autor |
| 9 (RLIN) | 195633 |
| 700 1# - PUNTO DE ACCESO ADICIONAL--NOMBRE DE PERSONA | |
| Nombre de persona | Cebrián-de-la-Serna, Manuel |
| Término indicativo de función/relación | autor |
| 9 (RLIN) | 195634 |
| 700 1# - PUNTO DE ACCESO ADICIONAL--NOMBRE DE PERSONA | |
| Nombre de persona | Cebrián Robles, Violeta |
| Término indicativo de función/relación | autor |
| 9 (RLIN) | 195635 |
| 700 1# - PUNTO DE ACCESO ADICIONAL--NOMBRE DE PERSONA | |
| Nombre de persona | Colmenero Ruiz, Mª Jesús |
| Término indicativo de función/relación | autor |
| 9 (RLIN) | 195636 |
| 700 1# - PUNTO DE ACCESO ADICIONAL--NOMBRE DE PERSONA | |
| Nombre de persona | Díaz-Crespo, Ana |
| Término indicativo de función/relación | autor |
| 9 (RLIN) | 195637 |
| 700 1# - PUNTO DE ACCESO ADICIONAL--NOMBRE DE PERSONA | |
| Nombre de persona | Franco-Mariscal, Antonio Joaquín |
| Término indicativo de función/relación | autor |
| 9 (RLIN) | 195638 |
| 700 1# - PUNTO DE ACCESO ADICIONAL--NOMBRE DE PERSONA | |
| Nombre de persona | García-Fuentes, Olalla |
| Término indicativo de función/relación | autor |
| 9 (RLIN) | 195559 |
| 700 1# - PUNTO DE ACCESO ADICIONAL--NOMBRE DE PERSONA | |
| Nombre de persona | Moreno-Gutiérrez, María-Luisa |
| Término indicativo de función/relación | autor |
| 9 (RLIN) | 195639 |
| 700 1# - PUNTO DE ACCESO ADICIONAL--NOMBRE DE PERSONA | |
| Nombre de persona | Pérez-Torregrosa, Ana Belén |
| Término indicativo de función/relación | autor |
| 9 (RLIN) | 195640 |
| 700 1# - PUNTO DE ACCESO ADICIONAL--NOMBRE DE PERSONA | |
| Nombre de persona | Ramos-Estévez, María-José |
| Término indicativo de función/relación | autor |
| 9 (RLIN) | 195641 |
| 700 1# - PUNTO DE ACCESO ADICIONAL--NOMBRE DE PERSONA | |
| Nombre de persona | Ríos-de-Deus, María Paula |
| Término indicativo de función/relación | autor |
| 9 (RLIN) | 195642 |
| 700 1# - PUNTO DE ACCESO ADICIONAL--NOMBRE DE PERSONA | |
| Nombre de persona | Rodicio-García, María Luisa |
| Término indicativo de función/relación | autor |
| 9 (RLIN) | 195643 |
| 700 1# - PUNTO DE ACCESO ADICIONAL--NOMBRE DE PERSONA | |
| Nombre de persona | Sánchez Sáinz, Mercedes |
| Término indicativo de función/relación | autor |
| 9 (RLIN) | 195644 |
| 700 1# - PUNTO DE ACCESO ADICIONAL--NOMBRE DE PERSONA | |
| Nombre de persona | Soler Costa, Rebeca |
| Término indicativo de función/relación | autor |
| 9 (RLIN) | 195645 |
| 700 1# - PUNTO DE ACCESO ADICIONAL--NOMBRE DE PERSONA | |
| Nombre de persona | Valle Flórez, Rosa Eva |
| Término indicativo de función/relación | autor |
| 9 (RLIN) | 195646 |
| 700 ## - PUNTO DE ACCESO ADICIONAL--NOMBRE DE PERSONA | |
| Nombre de persona | Zabalza Beraza, Miguel Ángel, |
| Término indicativo de función/relación | autor |
| Fechas asociadas al nombre | 1949- |
| 9 (RLIN) | 151654 |
| 942 ## - ELEMENTOS DE PUNTO DE ACCESO ADICIONAL (KOHA) | |
| Fuente del sistema de clasificación o colocación | Sistema de Clasificación Decimal Dewey |
| Tipo de ítem Koha | Libro (general) |
| Estado de retiro | Estado de pérdida | Fuente del sistema de clasificación o colocación | No para préstamo | Código de colección | Localización permanente | Fecha de adquisición | Total de préstamos | Signatura topográfica completa | Código de barras | Fecha visto por última vez | Fecha del último préstamo | Número de copia | Precio válido a partir de | Tipo de ítem Koha |
|---|---|---|---|---|---|---|---|---|---|---|---|---|---|---|
| Disponible | Sistema de Clasificación Decimal Dewey | General | Biblioteca Central UNIBE | 19/05/2025 | 1 | 370 P895p | 250593 | 21/05/2025 | 21/05/2025 | Ej. 1 | 19/05/2025 | Libro (general) |